00628nam a2200181Ia 4500952014300000999001500143003000400158005001700162008004100179040000900220082001900229100002000248245006800268260004400336300000900380650001300389942004400402 00102ddc40708COMPUTER SCIENCEaMESbMEScCOMPd2019-02-20g90.00l0o006.696 AJA/Ap31859r2019-02-20 00:00:00w2019-02-20yBKzGL32R4 c8946d8946OSt20201014104752.0190216s9999||||xx |||||||||||||| ||und|| coclc a006.696bAJA/A aAjaykumar95694 0aAnimation Adisthana Thathwangalum Eluppavazhikalum /cAjaykumar bKairali Publications,aKottayam:c2006. a127p aComputer cBK2ddch006.696iAJA/Ak006.696mAJA/A